[Event "Taastrup Weekend D"]
[Site "Taastrup"]
[Date "2001.09.07"]
[Round "1"]
[White "Kjaergaard, Sissel"]
[Black "Hansen, Alexei Cherstiouk"]
[Result "0-1"]
[WhiteElo "1056"]
[BlackElo "1150"]
[PlyCount "86"]
[EventDate "2001.09.07"]
[EventType "swiss"]
[EventRounds "5"]
[EventCountry "DEN"]
[SourceTitle "EXT 2023"]
[Source "ChessBase"]
[SourceDate "2022.10.05"]
[SourceVersion "1"]
[SourceVersionDate "2022.10.05"]
[SourceQuality "1"]

1. d4 g6 2. Bf4 Bg7 3. Nf3 Nf6 4. e3 Nc6 5. Be2 0-0 6. 0-0 d6 7. Nc3 Bf5 8. a3 Nd7 9. h3 e5 10. Bg5 f6 11. Bh4 exd4 12. Nxd4 Nxd4 13. exd4 Nb6 14. b3 d5 15. Bg4 Qd7 16. Bxf5 Qxf5 17. Re1 Rae8 18. Re2 Re6 19. Rxe6 Qxe6 20. Bg3 c6 21. Qd2 Re8 22. f3 Qd7 23. Re1 Re6 24. Bf2 f5 25. Rxe6 Qxe6 26. Ne2 Qe7 27. Qd3 Qxa3 28. Qe3 Qf8 29. Qe6+ Qf7 30. Qe3 Kf8 31. Bh4 Qe8 32. Qf2 Qe6 33. Nf4 Qe8 34. Bg5 h6 35. Be7+ Kxe7 36. Qe3+ Kf7 37. Qf2 g5 38. Nd3 f4 39. h4 Qe3 40. Ne5+ Bxe5 41. dxe5 Qxf2+ 42. Kxf2 gxh4 43. Ke2 Ke6 0-1